000 00291nam a22001337a 4500
008 170713b xxu||||| |||| 00| 0 eng d
020 _a9780874849110
041 _aeng
080 _a101
100 _a24
101 _aFIL
245 _aDOES THE CENTER HOLD?
_cPALMER, D
942 _2udc
_cBK
999 _c20581
_d20581